[Event "Abe Yanofsky mem."]
[Site "Winnipeg CAN"]
[Date "2005.09.03"]
[Round "1"]
[White "Schulz, Waldemar"]
[Black "De Groot, Steven"]
[Result "1/2-1/2"]
[WhiteElo "2057"]
[BlackElo "1604"]
[PlyCount "107"]
[GameId "2160767910900343"]
[EventDate "2005.09.03"]
[EventType "swiss"]
[EventRounds "6"]
[EventCountry "CAN"]
[SourceTitle "CBM 108 Extra"]
[Source "ChessBase"]
[SourceDate "2005.11.04"]
[SourceVersion "1"]
[SourceVersionDate "2005.11.04"]
[SourceQuality "1"]

1. d4 Nf6 2. Nf3 e6 3. g3 d5 4. Bg2 Be7 5. O-O O-O 6. c4 c5 7. cxd5 exd5 8. Nc3 Nc6 9. Bg5 cxd4 10. Nxd4 Be6 11. Qa4 Nxd4 12. Qxd4 h6 13. Be3 Qd7 14. Rfd1 Rfd8 15. Qd2 b6 16. Bd4 Ne8 17. Rac1 Rac8 18. Qd3 Bf6 19. Bxf6 Nxf6 20. e3 Bf5 21. Qb5 Qxb5 22. Nxb5 Rxc1 23. Rxc1 a6 24. Nd4 Rc8 25. Rc6 Kf8 26. Kf1 Rxc6 27. Nxc6 a5 28. Ke2 Bd7 29. Nd4 Ke7 30. f3 Kd6 31. Kd2 g6 32. Bf1 Ne8 33. Kc3 Nc7 34. b4 Ba4 35. bxa5 bxa5 36. Nb3 Bxb3 37. Kxb3 Kc5 38. Ka4 Kb6 39. Bd3 Ne6 40. Be2 Nc5+ 41. Ka3 f6 42. Kb2 Nb7 43. h4 Kc5 44. Bd3 g5 45. hxg5 hxg5 46. Kc3 Nd6 47. a3 f5 48. Kb3 Nc4 49. Bxf5 Nxe3 50. Be6 d4 51. f4 gxf4 52. gxf4 Kd6 53. Bf7 Kc5 54. Be6 1/2-1/2

[Event "Abe Yanofsky mem."]
[Site "Winnipeg CAN"]
[Date "2005.09.03"]
[Round "1"]
[White "Sigurdson, Matthew"]
[Black "Gustafson, Dale"]
[Result "1/2-1/2"]
[WhiteElo "1115"]
[BlackElo "1822"]
[PlyCount "85"]
[GameId "2160767910900344"]
[EventDate "2005.09.03"]
[EventType "swiss"]
[EventRounds "6"]
[EventCountry "CAN"]
[SourceTitle "CBM 108 Extra"]
[Source "ChessBase"]
[SourceDate "2005.11.04"]
[SourceVersion "1"]
[SourceVersionDate "2005.11.04"]
[SourceQuality "1"]

1. e4 d5 2. exd5 Qxd5 3. Nc3 Qe5+ 4. Qe2 Qxe2+ 5. Bxe2 c6 6. Nf3 Nf6 7. O-O Bf5 8. d3 h6 9. Nd4 Bh7 10. Bf3 e6 11. Ndb5 Na6 12. Bf4 Kd7 13. Rfe1 Nb4 14. Na3 Nbd5 15. Nxd5 Nxd5 16. Bxd5 exd5 17. Re2 Bc5 18. Kf1 Rhe8 19. Rae1 Rxe2 20. Rxe2 Re8 21. Rxe8 Kxe8 22. Ke2 Ke7 23. Nb1 g5 24. Be3 d4 25. Bd2 Bd6 26. g3 Bf5 27. c3 dxc3 28. Nxc3 Be6 29. a3 f5 30. Kf3 Kf6 31. b4 a5 32. Ne2 Bd5+ 33. Ke3 axb4 34. Bxb4 c5 35. Bc3+ Kg6 36. f4 Bc6 37. Be5 Bxe5 38. fxe5 Kf7 39. d4 Ke6 40. Nc3 cxd4+ 41. Kxd4 f4 42. gxf4 gxf4 43. Nd1 1/2-1/2

[Event "Abe Yanofsky mem."]
[Site "Winnipeg CAN"]
[Date "2005.09.03"]
[Round "1"]
[White "Thompson, Brian"]
[Black "Wasserman, Leor"]
[Result "1-0"]
[WhiteElo "1864"]
[BlackElo "1181"]
[PlyCount "39"]
[GameId "2160767910900345"]
[EventDate "2005.09.03"]
[EventType "swiss"]
[EventRounds "6"]
[EventCountry "CAN"]
[SourceTitle "CBM 108 Extra"]
[Source "ChessBase"]
[SourceDate "2005.11.04"]
[SourceVersion "1"]
[SourceVersionDate "2005.11.04"]
[SourceQuality "1"]

1. e4 e5 2. Nf3 Nc6 3. Bc4 h6 4. d4 exd4 5. Nxd4 Nxd4 6. Qxd4 Nf6 7. O-O Bd6 8. e5 c5 9. Qf4 g5 10. Qxf6 Qxf6 11. exf6 Be5 12. Re1 d6 13. f4 gxf4 14. Bxf4 Kd7 15. Bxe5 dxe5 16. Rxe5 Rg8 17. Nc3 b6 18. Rd1+ Kc7 19. Re7+ Kc6 20. Bb5# 1-0

[Event "Abe Yanofsky mem."]
[Site "Winnipeg CAN"]
[Date "2005.09.03"]
[Round "1"]
[White "Trinidad, Kris"]
[Black "Nikouline, Alexandre"]
[Result "0-1"]
[WhiteElo "1378"]
[BlackElo "1922"]
[PlyCount "36"]
[GameId "2160767910900346"]
[EventDate "2005.09.03"]
[EventType "swiss"]
[EventRounds "6"]
[EventCountry "CAN"]
[SourceTitle "CBM 108 Extra"]
[Source "ChessBase"]
[SourceDate "2005.11.04"]
[SourceVersion "1"]
[SourceVersionDate "2005.11.04"]
[SourceQuality "1"]

1. e4 c5 2. Nf3 Nc6 3. Bc4 e6 4. Nc3 d6 5. O-O Be7 6. d3 Nf6 7. Re1 O-O 8. Bg5 h6 9. Be3 a6 10. a4 b6 11. h3 Bb7 12. Qd2 d5 13. e5 Nh7 14. Bxd5 exd5 15. d4 Ng5 16. Nh4 Nxh3+ 17. gxh3 Bxh4 18. dxc5 d4 0-1

[Event "Abe Yanofsky mem."]
[Site "Winnipeg CAN"]
[Date "2005.09.03"]
[Round "1"]
[White "Wangen, Michael"]
[Black "Cheyne, Andrew"]
[Result "1/2-1/2"]
[WhiteElo "1928"]
[BlackElo "1436"]
[PlyCount "60"]
[GameId "2160767910900347"]
[EventDate "2005.09.03"]
[EventType "swiss"]
[EventRounds "6"]
[EventCountry "CAN"]
[SourceTitle "CBM 108 Extra"]
[Source "ChessBase"]
[SourceDate "2005.11.04"]
[SourceVersion "1"]
[SourceVersionDate "2005.11.04"]
[SourceQuality "1"]

1. c4 g6 2. Nc3 Bg7 3. g3 Nf6 4. Bg2 c5 5. d3 O-O 6. e4 d6 7. Nge2 Nc6 8. O-O Bg4 9. f3 Bd7 10. h3 Nd4 11. Be3 Ne8 12. Rb1 Rb8 13. Qd2 e6 14. b4 b6 15. f4 f5 16. b5 Qf6 17. a4 Nc7 18. Bf2 e5 19. exf5 gxf5 20. fxe5 dxe5 21. Be3 Rbe8 22. Kh2 h5 23. a5 Qg6 24. axb6 axb6 25. Ra1 Nb3 26. Qa2 Nxa1 27. Qxa1 Ra8 28. Bxa8 Rxa8 29. Qb1 h4 30. Rg1 Qe6 1/2-1/2

[Event "Abe Yanofsky mem."]
[Site "Winnipeg CAN"]
[Date "2005.09.03"]
[Round "1"]
[White "Wasserman, Arie"]
[Black "Zaczek, Jonathon"]
[Result "0-1"]
[WhiteElo "1592"]
[BlackElo "2053"]
[PlyCount "76"]
[GameId "2160767910900348"]
[EventDate "2005.09.03"]
[EventType "swiss"]
[EventRounds "6"]
[EventCountry "CAN"]
[SourceTitle "CBM 108 Extra"]
[Source "ChessBase"]
[SourceDate "2005.11.04"]
[SourceVersion "1"]
[SourceVersionDate "2005.11.04"]
[SourceQuality "1"]

1. e4 c5 2. Nc3 d6 3. Bc4 e6 4. Nf3 Nc6 5. d3 Nf6 6. Be3 d5 7. Bb5 d4 8. e5 Nd7 9. Bg5 Qa5 10. Bxc6 bxc6 11. Bd2 dxc3 12. Bxc3 Qc7 13. O-O Be7 14. Re1 O-O 15. Nd2 Ba6 16. f4 Rad8 17. Ne4 c4 18. Re3 cxd3 19. cxd3 f5 20. Nd6 Bxd6 21. exd6 Qxd6 22. Rg3 Rf7 23. Qh5 Qe7 24. Rh3 Nf8 25. Rd1 Qe8 26. Rg3 Rfd7 27. Qh6 Ng6 28. Qg5 Qe7 29. Qh5 Nxf4 30. Qf3 Ng6 31. Rh3 Rxd3 32. Rxd3 Rxd3 33. Qh5 Qc5+ 34. Kh1 Rxh3 35. Qxh3 Qd5 36. Qh5 e5 37. h3 f4 38. b3 e4 0-1

[Event "Abe Yanofsky mem."]
[Site "Winnipeg CAN"]
[Date "2005.09.03"]
[Round "2"]
[White "Anderson, George"]
[Black "Kwiatek, Jordan"]
[Result "0-1"]
[WhiteElo "1486"]
[BlackElo "1724"]
[PlyCount "87"]
[GameId "2160767910900350"]
[EventDate "2005.09.03"]
[EventType "swiss"]
[EventRounds "6"]
[EventCountry "CAN"]
[SourceTitle "CBM 108 Extra"]
[Source "ChessBase"]
[SourceDate "2005.11.04"]
[SourceVersion "1"]
[SourceVersionDate "2005.11.04"]
[SourceQuality "1"]

1. e4 c5 2. b4 cxb4 3. Bb2 e6 4. Nf3 Nc6 5. d4 d5 6. e5 Be7 7. Bd3 f6 8. O-O Nh6 9. Bc1 Nf7 10. Nbd2 fxe5 11. dxe5 Ncxe5 12. Nxe5 Nxe5 13. Qh5+ Nf7 14. Bg6 hxg6 15. Qxg6 Qc7 16. Nf3 Bd6 17. h3 Qc3 18. Bg5 O-O 19. Rae1 Ne5 20. Nxe5 Bxe5 21. Re3 Qd4 22. Rfe1 Bf6 23. Rf3 Bxg5 24. Rxf8+ Kxf8 25. Qxg5 Qf6 26. Qg4 d4 27. Qh5 Ke7 28. Qc5+ Kf7 29. Qxb4 a5 30. Qd6 Kg8 31. Re4 Ra6 32. Qc7 Rc6 33. Qxa5 Rxc2 34. f3 d3 35. Qa4 Rc1+ 36. Kf2 d2 37. Qe8+ Qf8 38. Qh5 d1=Q 39. Kg3 Qfd6+ 40. Rf4 Qxf4+ 41. Kxf4 Qd6+ 42. Kg4 e5+ 43. Kg3 e4+ 44. Kf2 0-1

[Event "Abe Yanofsky mem."]
[Site "Winnipeg CAN"]
[Date "2005.09.03"]
[Round "2"]
[White "Bince, Rolando"]
[Black "Oberton, Daniel"]
[Result "1/2-1/2"]
[WhiteElo "1860"]
[BlackElo "1661"]
[PlyCount "66"]
[GameId "2160767910900351"]
[EventDate "2005.09.03"]
[EventType "swiss"]
[EventRounds "6"]
[EventCountry "CAN"]
[SourceTitle "CBM 108 Extra"]
[Source "ChessBase"]
[SourceDate "2005.11.04"]
[SourceVersion "1"]
[SourceVersionDate "2005.11.04"]
[SourceQuality "1"]

1. e4 c5 2. Nf3 d6 3. d4 cxd4 4. Nxd4 Nf6 5. Nc3 g6 6. Bc4 Bg7 7. O-O Nc6 8. Nxc6 bxc6 9. e5 dxe5 10. Qxd8+ Kxd8 11. Re1 Rb8 12. Bb3 e6 13. Be3 a6 14. Bc5 Nd5 15. Bd6 Rb7 16. Bxe5 Bxe5 17. Rxe5 Nxc3 18. bxc3 Ke7 19. Rd1 Rb5 20. Re3 Rd8 21. Rxd8 Kxd8 22. Rd3+ Ke7 23. f4 h6 24. Kf2 e5 25. fxe5 Rxe5 26. Re3 f6 27. Bc4 Bb7 28. Rxe5+ fxe5 29. Bd3 g5 30. Be4 Kf6 31. Ke3 Ke6 32. Kd3 Kd6 33. Kc4 a5 1/2-1/2

[Event "Abe Yanofsky mem."]
[Site "Winnipeg CAN"]
[Date "2005.09.03"]
[Round "2"]
[White "Cheyne, Andrew"]
[Black "Cleto, Sam"]
[Result "0-1"]
[WhiteElo "1436"]
[BlackElo "1778"]
[PlyCount "62"]
[GameId "2160767910900352"]
[EventDate "2005.09.03"]
[EventType "swiss"]
[EventRounds "6"]
[EventCountry "CAN"]
[SourceTitle "CBM 108 Extra"]
[Source "ChessBase"]
[SourceDate "2005.11.04"]
[SourceVersion "1"]
[SourceVersionDate "2005.11.04"]
[SourceQuality "1"]

1. e4 c5 2. c3 d6 3. Nf3 Nf6 4. Qc2 e6 5. d4 cxd4 6. cxd4 Be7 7. Bb5+ Bd7 8. Bxd7+ Nbxd7 9. Nc3 O-O 10. O-O Rc8 11. Be3 b5 12. Qd3 a6 13. a4 b4 14. Ne2 a5 15. Rac1 Ng4 16. Bd2 Qb6 17. h3 Ngf6 18. Ng3 Rfd8 19. b3 h6 20. Be3 Qb7 21. Qd2 Nxe4 22. Nxe4 Qxe4 23. Rfe1 Qd5 24. Qb2 Bf6 25. Rc2 Nc5 26. Qb1 Nxb3 27. Rd1 Rc3 28. Rxc3 bxc3 29. Qc2 Qc4 30. Rd3 Rc8 31. g4 Na1 0-1

[Event "Abe Yanofsky mem."]
[Site "Winnipeg CAN"]
[Date "2005.09.03"]
[Round "2"]
[White "Corsmeier, Tom"]
[Black "Booth, Kevin"]
[Result "1/2-1/2"]
[WhiteElo "1586"]
[BlackElo "1336"]
[PlyCount "78"]
[GameId "2160767910900353"]
[EventDate "2005.09.03"]
[EventType "swiss"]
[EventRounds "6"]
[EventCountry "CAN"]
[SourceTitle "CBM 108 Extra"]
[Source "ChessBase"]
[SourceDate "2005.11.04"]
[SourceVersion "1"]
[SourceVersionDate "2005.11.04"]
[SourceQuality "1"]

1. e4 c5 2. Nc3 Nc6 3. f4 e6 4. Nf3 g6 5. Be2 Bg7 6. O-O Nge7 7. d3 O-O 8. Be3 b6 9. Qe1 Bb7 10. Nh4 d5 11. exd5 Nxd5 12. Nxd5 exd5 13. c3 d4 14. Bd2 Re8 15. Nf3 Rc8 16. Qf2 Ba6 17. c4 Bb7 18. a3 a6 19. Ng5 f5 20. Rae1 Na5 21. Bd1 Qd6 22. Qh4 h6 23. Nf3 Qf6 24. Qg3 Nc6 25. Ba4 Kh7 26. b4 Rxe1 27. Rxe1 Rc7 28. Re8 Re7 29. Rxe7 Nxe7 30. Ne5 Nc6 31. Nf3 Qe6 32. Bd1 cxb4 33. axb4 Qd6 34. Nh4 Ne7 35. Ba4 Bc6 36. Bd1 Bb7 37. Nf3 Nc6 38. b5 axb5 39. cxb5 Na7 1/2-1/2

[Event "Abe Yanofsky mem."]
[Site "Winnipeg CAN"]
[Date "2005.09.03"]
[Round "2"]
[White "Curtis, Rory"]
[Black "Gannon, Keith"]
[Result "0-1"]
[WhiteElo "1702"]
[BlackElo "1528"]
[PlyCount "86"]
[GameId "2160767910900354"]
[EventDate "2005.09.03"]
[EventType "swiss"]
[EventRounds "6"]
[EventCountry "CAN"]
[SourceTitle "CBM 108 Extra"]
[Source "ChessBase"]
[SourceDate "2005.11.04"]
[SourceVersion "1"]
[SourceVersionDate "2005.11.04"]
[SourceQuality "1"]

1. d4 Nf6 2. c4 d5 3. cxd5 Nxd5 4. Nc3 e6 5. e4 Nxc3 6. bxc3 c5 7. Nf3 cxd4 8. cxd4 Bb4+ 9. Bd2 Bxd2+ 10. Qxd2 O-O 11. Bc4 Nc6 12. O-O Re8 13. Rfd1 a6 14. a4 Qe7 15. d5 exd5 16. exd5 Rd8 17. Qf4 Na5 18. d6 Qf8 19. Bd3 g6 20. Bc2 Bd7 21. Ng5 Rac8 22. Bb1 Rc5 23. Qh4 Qg7 24. Nxh7 g5 25. Nf6+ Qxf6 26. Qh7+ Kf8 27. Ba2 Bf5 28. Qh5 Rxd6 29. Re1 Bg6 30. Qf3 Nc6 31. Bb1 Bxb1 32. Raxb1 Nd8 33. Rb4 Rc7 34. h4 gxh4 35. Rxh4 Qxf3 36. gxf3 Rg6+ 37. Kh2 Ne6 38. Rg1 Rxg1 39. Kxg1 Ke7 40. Kf1 Nc5 41. Ke2 Kd6 42. Ke3 Re7+ 43. Kd4 Nxa4 0-1

[Event "Abe Yanofsky mem."]
[Site "Winnipeg CAN"]
[Date "2005.09.03"]
[Round "2"]
[White "De Groot, Steven"]
[Black "Wangen, Michael"]
[Result "0-1"]
[WhiteElo "1604"]
[BlackElo "1928"]
[PlyCount "61"]
[GameId "2160767910900355"]
[EventDate "2005.09.03"]
[EventType "swiss"]
[EventRounds "6"]
[EventCountry "CAN"]
[SourceTitle "CBM 108 Extra"]
[Source "ChessBase"]
[SourceDate "2005.11.04"]
[SourceVersion "1"]
[SourceVersionDate "2005.11.04"]
[SourceQuality "1"]

1. e4 d5 2. exd5 Qxd5 3. Nc3 Qd6 4. d4 Nf6 5. Nf3 c6 6. Be2 Bf5 7. O-O e6 8. g3 Qc7 9. Re1 Bd6 10. Nh4 Bg6 11. Bf3 O-O 12. Nxg6 hxg6 13. Be3 Nbd7 14. Ne2 Rfe8 15. Bg2 Rad8 16. c4 c5 17. Qb3 b6 18. Rad1 Ng4 19. Bc1 cxd4 20. Nxd4 Bc5 21. h3 Nxf2 22. Kxf2 e5 23. Be3 exd4 24. Bxd4 Ne5 25. Bxc5 Qxc5+ 26. Kf1 Nxc4 27. Rxe8+ Rxe8 28. Rd3 Qf5+ 29. Kg1 Qc5+ 30. Kh2 Re1 31. g4 0-1

[Event "Abe Yanofsky mem."]
[Site "Winnipeg CAN"]
[Date "2005.09.03"]
[Round "2"]
[White "Einarsson, Ken"]
[Black "Trinidad, Kris"]
[Result "1-0"]
[WhiteElo "1587"]
[BlackElo "1378"]
[PlyCount "91"]
[GameId "2160767910900356"]
[EventDate "2005.09.03"]
[EventType "swiss"]
[EventRounds "6"]
[EventCountry "CAN"]
[SourceTitle "CBM 108 Extra"]
[Source "ChessBase"]
[SourceDate "2005.11.04"]
[SourceVersion "1"]
[SourceVersionDate "2005.11.04"]
[SourceQuality "1"]

1. e4 c5 2. Nf3 d6 3. d4 cxd4 4. Nxd4 Nf6 5. Nc3 g6 6. Bc4 Bg7 7. O-O O-O 8. Re1 Nc6 9. Be3 Bd7 10. a3 Rc8 11. Bb3 Ng4 12. Nxc6 Nxe3 13. Nxd8 Nxd1 14. Nxf7 Rxf7 15. Bxf7+ Kxf7 16. Raxd1 Bxc3 17. bxc3 Rxc3 18. e5 Rc6 19. exd6 exd6 20. Rc1 Rc3 21. Re3 Rc5 22. Kf1 Bb5+ 23. Ke1 d5 24. Re5 Kf6 25. f4 Bc6 26. Kd2 Rc4 27. g3 h6 28. h4 Re4 29. Re1 Rd4+ 30. Kc3 Rc4+ 31. Kb2 Re4 32. R1xe4 dxe4 33. Kc3 a6 34. Kd4 h5 35. c4 Kf7 36. f5 gxf5 37. Rxf5+ Kg6 38. Rg5+ Kh6 39. Kc5 e3 40. Re5 Kg6 41. Rxe3 Kf5 42. Kd4 Kg4 43. c5 Bf3 44. Ke5 Kxg3 45. Kd6 Kg4 46. Rxf3 1-0

[Event "Abe Yanofsky mem."]
[Site "Winnipeg CAN"]
[Date "2005.09.03"]
[Round "2"]
[White "Haessel, Dale"]
[Black "Boron, Anthony"]
[Result "1-0"]
[WhiteElo "2254"]
[BlackElo "1964"]
[PlyCount "73"]
[GameId "2160767910900358"]
[EventDate "2005.09.03"]
[EventType "swiss"]
[EventRounds "6"]
[EventCountry "CAN"]
[SourceTitle "CBM 108 Extra"]
[Source "ChessBase"]
[SourceDate "2005.11.04"]
[SourceVersion "1"]
[SourceVersionDate "2005.11.04"]
[SourceQuality "1"]

1. c4 e5 2. g3 Nf6 3. Bg2 c6 4. d4 exd4 5. Qxd4 Na6 6. Nc3 Bc5 7. Qd1 O-O 8. Nf3 Nc7 9. Bf4 Ne6 10. Bd2 Re8 11. O-O d5 12. cxd5 Nxd5 13. Qb3 Nf6 14. Rad1 Qc7 15. e4 Nd4 16. Nxd4 Bxd4 17. Bf4 Be5 18. Bxe5 Qxe5 19. Rfe1 b6 20. h3 Be6 21. Qa4 Qc5 22. e5 Nd5 23. Ne4 Qb4 24. Qxc6 Rac8 25. Qd6 Qxb2 26. Rxd5 Bxd5 27. Qxd5 Rxe5 28. Qd7 Rce8 29. f4 R5e6 30. Qd5 Kf8 31. Rd1 Qc2 32. Rd4 h6 33. Kh2 Qc7 34. a4 h5 35. Qxh5 Qc2 36. Qh8+ Ke7 37. Qxg7 1-0

[Event "Abe Yanofsky mem."]
[Site "Winnipeg CAN"]
[Date "2005.09.03"]
[Round "2"]
[White "Hogeveen Rutter, Alexander"]
[Black "Mu, Yuchen"]
[Result "0-1"]
[WhiteElo "1780"]
[BlackElo "1990"]
[PlyCount "69"]
[GameId "2160767910900359"]
[EventDate "2005.09.03"]
[EventType "swiss"]
[EventRounds "6"]
[EventCountry "CAN"]
[SourceTitle "CBM 108 Extra"]
[Source "ChessBase"]
[SourceDate "2005.11.04"]
[SourceVersion "1"]
[SourceVersionDate "2005.11.04"]
[SourceQuality "1"]

1. e4 c5 2. Nf3 d6 3. d4 cxd4 4. Nxd4 Nf6 5. Nc3 g6 6. Be2 Bg7 7. Be3 O-O 8. Qd2 Ng4 9. Bxg4 Bxg4 10. f3 Bd7 11. Bh6 Nc6 12. Bxg7 Kxg7 13. g4 Qb6 14. Nb3 Ne5 15. Qf4 Be6 16. O-O-O Rac8 17. h4 h6 18. Nd5 Qf2 19. Nd4 Bxd5 20. exd5 Nc4 21. Rh2 Qe3+ 22. Qxe3 Nxe3 23. Rd3 Nxd5 24. Nf5+ gxf5 25. Rxd5 fxg4 26. Rg2 f5 27. fxg4 f4 28. Rd4 Rf6 29. Kd2 e5 30. Ra4 a6 31. c3 Re8 32. h5 e4 33. Ke1 f3 34. g5 fxg2 35. gxf6+ 0-1

[Event "Abe Yanofsky mem."]
[Site "Winnipeg CAN"]
[Date "2005.09.03"]
[Round "2"]
[White "Hughey, Micah"]
[Black "Zhou, Lu"]
[Result "1-0"]
[WhiteElo "2007"]
[BlackElo "1805"]
[PlyCount "25"]
[GameId "2160767910900360"]
[EventDate "2005.09.03"]
[EventType "swiss"]
[EventRounds "6"]
[EventCountry "CAN"]
[SourceTitle "CBM 108 Extra"]
[Source "ChessBase"]
[SourceDate "2005.11.04"]
[SourceVersion "1"]
[SourceVersionDate "2005.11.04"]
[SourceQuality "1"]

1. e4 e5 2. Nf3 Nc6 3. Bc4 Bc5 4. b4 Bxb4 5. c3 Ba5 6. d4 d6 7. dxe5 Nxe5 8. Nxe5 dxe5 9. Bxf7+ Ke7 10. Ba3+ Qd6 11. Bxd6+ cxd6 12. Bxg8 Rxg8 13. Qd5 1-0

[Event "Abe Yanofsky mem."]
[Site "Winnipeg CAN"]
[Date "2005.09.03"]
[Round "2"]
[White "Kaptsan, Aron"]
[Black "Haynes, Nicolas"]
[Result "1/2-1/2"]
[WhiteElo "1900"]
[BlackElo "2042"]
[PlyCount "53"]
[GameId "2160767910900361"]
[EventDate "2005.09.03"]
[EventType "swiss"]
[EventRounds "6"]
[EventCountry "CAN"]
[SourceTitle "CBM 108 Extra"]
[Source "ChessBase"]
[SourceDate "2005.11.04"]
[SourceVersion "1"]
[SourceVersionDate "2005.11.04"]
[SourceQuality "1"]

1. d4 f5 2. g3 Nf6 3. Bg2 e6 4. Nf3 d5 5. Ne5 Nbd7 6. Nd3 Bd6 7. Nd2 O-O 8. Nf3 b6 9. O-O Bb7 10. Bf4 Qe7 11. Nfe5 c5 12. Nxd7 Nxd7 13. Bxd6 Qxd6 14. e3 Rac8 15. c3 Ba6 16. Re1 Bxd3 17. Qxd3 c4 18. Qc2 g5 19. f3 e5 20. e4 exd4 21. cxd4 dxe4 22. fxe4 Qxd4+ 23. Kh1 Ne5 24. exf5 Ng4 25. Re2 Ne3 26. Qc1 Rfe8 27. Qg1 1/2-1/2

[Event "Abe Yanofsky mem."]
[Site "Winnipeg CAN"]
[Date "2005.09.03"]
[Round "2"]
[White "Klokow, John"]
[Black "Schulz, Waldemar"]
[Result "0-1"]
[WhiteElo "1742"]
[BlackElo "2057"]
[PlyCount "86"]
[GameId "2160767910900362"]
[EventDate "2005.09.03"]
[EventType "swiss"]
[EventRounds "6"]
[EventCountry "CAN"]
[SourceTitle "CBM 108 Extra"]
[Source "ChessBase"]
[SourceDate "2005.11.04"]
[SourceVersion "1"]
[SourceVersionDate "2005.11.04"]
[SourceQuality "1"]

1. e4 c5 2. Nf3 e6 3. d4 cxd4 4. Nxd4 Nf6 5. Nc3 d6 6. Bc4 Qc7 7. Bb3 a6 8. O-O Bd7 9. Be3 Nc6 10. Qe2 Be7 11. Rad1 O-O 12. f4 Rac8 13. Kh1 Na5 14. Bc1 Nxb3 15. cxb3 Bc6 16. Bd2 b5 17. Rc1 Qb7 18. Nxc6 Rxc6 19. e5 Nd7 20. exd6 Bxd6 21. Ne4 Rfc8 22. Nxd6 Rxd6 23. Rxc8+ Qxc8 24. Rc1 Rc6 25. Rxc6 Qxc6 26. Qd3 h6 27. b4 Nf6 28. Qd8+ Kh7 29. Qd3+ Qe4 30. Qxe4+ Nxe4 31. Be3 Kg6 32. Kg1 Kf5 33. Kf1 Nf6 34. h3 Nd5 35. Bd4 f6 36. g3 Ke4 37. Bf2 Kf3 38. a3 h5 39. h4 e5 40. fxe5 fxe5 41. Ke1 e4 42. Bd4 g6 43. Be5 Ne7 0-1

[Event "Abe Yanofsky mem."]
[Site "Winnipeg CAN"]
[Date "2005.09.03"]
[Round "2"]
[White "Lauritson, Jim"]
[Black "Lipnowski, Irwin"]
[Result "0-1"]
[WhiteElo "1936"]
[BlackElo "2252"]
[PlyCount "90"]
[GameId "2160767910900363"]
[EventDate "2005.09.03"]
[EventType "swiss"]
[EventRounds "6"]
[EventCountry "CAN"]
[SourceTitle "CBM 108 Extra"]
[Source "ChessBase"]
[SourceDate "2005.11.04"]
[SourceVersion "1"]
[SourceVersionDate "2005.11.04"]
[SourceQuality "1"]

1. d4 Nf6 2. c4 e6 3. Nf3 d5 4. Nc3 c6 5. e3 Nbd7 6. Qc2 b6 7. Bd3 Bb7 8. b3 Be7 9. O-O O-O 10. Bb2 c5 11. Rfd1 dxc4 12. bxc4 Bxf3 13. gxf3 cxd4 14. exd4 Qc7 15. Ne2 Rfd8 16. Rac1 Rac8 17. Qd2 Nf8 18. Qg5 Ng6 19. Kh1 Qb7 20. Qg3 Bd6 21. Qh3 Qe7 22. Rg1 Ba3 23. Bxa3 Qxa3 24. Bb1 Qb4 25. Bd3 Qd2 26. f4 Kf8 27. f5 Nf4 28. Nxf4 Qxf4 29. fxe6 fxe6 30. Qe3 Rxd4 31. Qxf4 Rxf4 32. Kg2 Rd8 33. Rgd1 Rfd4 34. Be2 Rxd1 35. Bxd1 Rd2 36. Bb3 Ne4 37. Rf1 Ke7 38. Kf3 Nc5 39. Rb1 Kf6 40. Ke3 Rd3+ 41. Ke2 Rh3 42. Bc2 Rxh2 43. a4 Rh4 44. a5 bxa5 45. Rb5 Rxc4 0-1

[Event "Abe Yanofsky mem."]
[Site "Winnipeg CAN"]
[Date "2005.09.03"]
[Round "2"]
[White "Matveeva, Svetlana"]
[Black "Jarmasz, Mark"]
[Result "1-0"]
[WhiteElo "2464"]
[BlackElo "1977"]
[PlyCount "99"]
[GameId "2160767910900364"]
[EventDate "2005.09.03"]
[EventType "swiss"]
[EventRounds "6"]
[EventCountry "CAN"]
[SourceTitle "CBM 108 Extra"]
[Source "ChessBase"]
[SourceDate "2005.11.04"]
[SourceVersion "1"]
[SourceVersionDate "2005.11.04"]
[SourceQuality "1"]

1. d4 d5 2. c4 dxc4 3. e4 e6 4. Bxc4 Nf6 5. Nc3 Bb4 6. Bg5 h6 7. Bxf6 Bxc3+ 8. bxc3 Qxf6 9. Nf3 O-O 10. O-O b6 11. Qe2 Bb7 12. a4 Nc6 13. Rfb1 Na5 14. Ba6 Bxa6 15. Qxa6 Qe7 16. Ne5 c5 17. Qb5 Rac8 18. Rd1 Rfd8 19. h3 Qb7 20. dxc5 f6 21. Rxd8+ Rxd8 22. cxb6 axb6 23. Nc4 Nxc4 24. Qxc4 Qd7 25. Rb1 Rc8 26. Qb3 Qc6 27. f3 Qxc3 28. Qxe6+ Kh8 29. Qxb6 Rc5 30. Qb2 Qe3+ 31. Kh1 Ra5 32. Qb4 Qa7 33. Qb8+ Qxb8 34. Rxb8+ Kh7 35. Rb4 Kg6 36. Kh2 Kf7 37. Kg3 Ke6 38. h4 h5 39. Kf2 Kd6 40. Ke3 Rc5 41. Rb7 Ra5 42. Rxg7 Rxa4 43. Kf4 Ke6 44. g3 Ra5 45. Rb7 Rc5 46. Rb3 Kf7 47. Rd3 Kg6 48. Rd6 Ra5 49. g4 Kg7 50. Rd5 1-0

[Event "Abe Yanofsky mem."]
[Site "Winnipeg CAN"]
[Date "2005.09.03"]
[Round "2"]
[White "Nikouline, Alexandre"]
[Black "Lipnowski, Samuel"]
[Result "1/2-1/2"]
[WhiteElo "1922"]
[BlackElo "2126"]
[PlyCount "93"]
[GameId "2160767910900365"]
[EventDate "2005.09.03"]
[EventType "swiss"]
[EventRounds "6"]
[EventCountry "CAN"]
[SourceTitle "CBM 108 Extra"]
[Source "ChessBase"]
[SourceDate "2005.11.04"]
[SourceVersion "1"]
[SourceVersionDate "2005.11.04"]
[SourceQuality "1"]

1. e4 e6 2. d4 d5 3. Nc3 Bb4 4. Qg4 Nf6 5. Qxg7 Rg8 6. Qh6 c5 7. a3 Rg6 8. Qe3 Bxc3+ 9. bxc3 Nxe4 10. Nf3 Nc6 11. g3 Qa5 12. Bd2 Nxd2 13. Qxd2 cxd4 14. cxd4 Qxd2+ 15. Kxd2 Bd7 16. Bd3 Rg7 17. Rab1 b6 18. h4 f6 19. Rhe1 Ke7 20. c4 dxc4 21. Bxc4 Kd6 22. Re3 Rc8 23. Ba2 Rg4 24. Rd3 Ne7 25. Rc1 Rxc1 26. Kxc1 Nd5 27. Nd2 Bb5 28. Bc4 Bxc4 29. Nxc4+ Kc6 30. Nd2 Rg7 31. Ne4 Rc7 32. Kb2 Kd7 33. Kb3 Rc1 34. Rf3 Ke7 35. Nc3 Rxc3+ 36. Rxc3 Nxc3 37. Kxc3 Kd6 38. Kc4 a6 39. a4 b5+ 40. axb5 axb5+ 41. Kxb5 Kd5 42. h5 Kxd4 43. Kc6 e5 44. Kd6 Ke4 45. Ke6 Kf3 46. Kxf6 e4 47. Kf5 1/2-1/2